000 00339nam a2200133Ia 4500
005 20260328104259.0
008 260328s9999||||xx |||||||||||||| ||und||
100 _aDe Agraz, Hilda Orozco
245 0 _aAgraz Arquitectos - 10 AƱos /
_cHilda Orozco De Agraz
260 _bAgraz
300 _a361 p.
650 _aARQUITECTOS
942 _cBK
999 _c10554
_d10554